Statystyki dla W jakim państwie leżały te miasta w 1905 #1

Kliknij tutaj aby rozwiązać quiz!

Ogólne statystyki

  • Ten quiz został rozwiązany 63 razy
    (39 od ostatniego zresetowania)
  • Średni wynik to 11 z 18

Statystyki odpowiedzi

MiastoPaństwo% Poprawnych
KrakówAustro-Węgry
97%
OsloSzwecja
91%
LizbonaPortugalia
80%
WarszawaRosja
80%
SeulKorea
77%
StrasburgNiemcy
77%
TallinnRosja
74%
ReykjavikDania
69%
TbilisiRosja
69%
MumbajWielka Brytania
69%
AlgierFrancja
66%
TiranaImperium Osmańskie
60%
DamaszekImperium Osmańskie
57%
ManilaStany Zjednoczone
43%
LuandaPortugalia
31%
MaputoPortugalia
31%
JaundeNiemcy
14%
St. John’sNowa Fundlandia
0%

Rozkład punktacji

Percentyl według liczby udzielonych odpowiedzi

Procent ludzi z każdym wynikiem

Twoja historia wyników

Nie rozwiązałeś tego quizu od ostatniego zresetowania